Statistics for Greenland... or Iceland?

Click here to take the quiz!

General Stats

  • This quiz has been taken 422 times
    (215 since last reset)
  • The average score is 13 of 18

Answer Stats

Question Answer % Correct
Is part of DenmarkGreenland
97%
Is an islandBoth
95%
Has more peopleIceland
95%
Is a FIFA and UN memberIceland
93%
Has no roads connecting townsGreenland
92%
'Igloo' is one of the words adopted from this countryGreenland
88%
Has more than 20 active volcanoesIceland
81%
Able to see the Northern LightsBoth
80%
Is home to many geysersIceland
79%
Where a nuclear-equipped B-52 bomber crashedGreenland
77%
Has red and white on their flag (at least)Both
73%
The name means 'Land of the People'Greenland
64%
Is home to glaciersBoth
63%
Has a currency called the KronaIceland
50%
Has fish as the biggest exportBoth
41%
Has no McDonald's restaurantsBoth
39%
Was first discovered by the VikingsIceland
37%
About 225 different species of fish swim around hereGreenland
25%

Score Distribution

Percentile by Number Answered

Percent of People with Each Score

Your Score History

You have not taken this quiz since the last reset